Động cơ (nâng cao)

Saved in:
Bibliographic Details
Main Author: Lưu Văn Hy ... [et al.]
Format: Book
Language:Undetermined
Published: H. GTVT 2003
Subjects:
Tags: Add Tag
No Tags, Be the first to tag this record!
Institutions: Trung tâm Học liệu Trường Đại học Cần Thơ
LEADER 00498nam a2200181Ia 4500
001 CTU_55511
008 210402s9999 xx 000 0 und d
020 |b 35000 
082 |a 621.812 
082 |b Đ455 
100 |a Lưu Văn Hy ... [et al.] 
245 0 |a Động cơ (nâng cao) 
245 0 |c Lưu Văn Hy ... [et al.] 
260 |a H. 
260 |b GTVT 
260 |c 2003 
650 |a machinery, dynamics of,machine parts 
980 |a Trung tâm Học liệu Trường Đại học Cần Thơ